| 000 | 00839 a2200217 4500 | ||
|---|---|---|---|
| 005 | 20080827102937.0 | ||
| 008 | 080827t xxu||||| |||| 00| 0 eng d | ||
| 010 | _aENG-87261 | ||
| 020 |
_a8176021801 _c595.00 |
||
| 035 | _aEN-70794 | ||
| 037 | _bDBAD / PUB | ||
| 082 | _a355.821 | ||
| 100 | _aJagjit Singh | ||
| 245 |
_aArtillery _bthe battle winning arm _cby jagjit Singh |
||
| 260 |
_aNew Delhi _bLancer Publishers and Distributors _c2006 |
||
| 270 |
_ak-36 A (FF), Green Park Main _bNew Delhi _e110 016 |
||
| 300 |
_axiv, 144p. _bPhotos _c24cm (Hb ) |
||
| 500 | _aIncludes bibliographical references | ||
| 942 |
_adpl _cEN _k355.821 / JAG _2ddc _h355.821 _mJAG |
||
| 999 |
_c6334 _d6334 |
||